LEADER 00985cam0-2200325---450- 001 990004231040403321 005 20141002154425.0 010 $a3-15-008158-0 035 $a000423104 035 $aFED01000423104 035 $a(Aleph)000423104FED01 035 $a000423104 100 $a19990604d1994----km-y0itay50------ba 101 0 $ager 102 $aDE 105 $aa-------001yy 200 1 $aAdelbert von Chamisso$ePeter Schlemihls wundersame Geschichte$eErläuterungen und Dokumente$fvon Dagmar Walach 210 $aStuttgart$cReclam$d1994 215 $a112 p.$cill.$d16 cm 225 1 $aUniversal Bibliothek$v8158 610 0 $aChamisso, Adelbert von$aPeter Schlemihls wundersame Geschichte 676 $a838.709 700 1$aWalach,$bDagmar$0166895 801 0$aIT$bUNINA$gRICA$2UNIMARC 901 $aBK 912 $a990004231040403321 952 $a838.709 CHAM/S 1$bBibl.21909$fFLFBC 959 $aFLFBC 996 $aAdelbert von Chamisso$9482236 997 $aUNINA LEADER 01171nam a2200229 i 4500 001 991003156449707536 005 20021205143406.0 008 020617s|||| ||| ||| | lat 035 $ab11762809-39ule_inst 035 $aPARLA220668$9ExL 040 $aDip.to Scienze Storiche Filosofiche e Geografiche$bita 111 2 $aConcilio vaticano <2. ; 1962-1965>$0262114 245 10$aActa Pontificiae commissionis centralis praeparatoriae Concilii Oecumenici Vaticani 2. :$bpars 2. :$bSessio tertia :$b15-23 Ianuarii 1962 :$bsessio quarta :$b19-27 Februarii 1962 :$bsub secreto 260 $aCitta del Vaticano :$bTypis polyglottis Vaticanis,$c1967 300 $a972 p. ;$c32 cm. 490 0 $aActa et documenta Concilio Oecumenico Vaticano 2. apparando. Series 2., praeparatoria ;$v2,2 907 $a.b11762809$b27-04-17$c09-12-02 912 $a991003156449707536 945 $aLE009 STOR.47-40a/2,2$cV.2,2$g1$i2009000137110$lle009$o-$pE0.00$q-$rn$so $t0$u0$v0$w0$x0$y.i12008266$z09-12-02 996 $aActa Pontificiae commissionis centralis praeparatoriae Concilii Oecumenici Vaticani 2.$9906584 997 $aUNISALENTO 998 $ale009$b01-01-02$cm$da $e-$feng$gxx $h0$i1